Ananthanarayan and Pauiker's text book of microbiology (Record no. 2614)

MARC details
000 -LEADER
fixed length control field 00701 a2200205 4500
020 ## - INTERNATIONAL STANDARD BOOK NUMBER
Terms of availability 395.00
035 ## - SYSTEM CONTROL NUMBER
System control number B-90365
037 ## - SOURCE OF ACQUISITION
Source of stock number/acquisition RP-L-12 / PANSY-05-06:6 / RP-05-06:ENG
082 14 - DEWEY DECIMAL CLASSIFICATION NUMBER
Classification number 576
090 ## - LOCALLY ASSIGNED LC-TYPE CALL NUMBER (OCLC); LOCAL CALL NUMBER (OCLC)
-- 2658
-- 2658
100 1# - MAIN ENTRY--PERSONAL NAME
Personal name Ananthanarayan, R.
245 1# - TITLE STATEMENT
Title Ananthanarayan and Pauiker's text book of microbiology
Statement of responsibility, etc by R. Ananthanarayan, C.K. Jayaram Pauiker;edited by C.K. Jayaram Pauiker
250 ## - EDITION STATEMENT
Edition statement 7th ed
260 ## - PUBLICATION, DISTRIBUTION, ETC. (IMPRINT)
Place of publication, distribution, etc Chennai
Name of publisher, distributor, etc Orient Longman
Date of publication, distribution, etc 2005
300 ## - PHYSICAL DESCRIPTION
Extent 656 p
Other physical details ill
Dimensions 24 cm (pbk)
700 ## - ADDED ENTRY--PERSONAL NAME
Personal name Pauiker, C.K. Jayaram
700 ## - ADDED ENTRY--PERSONAL NAME
Personal name Pauiker, C.K. Jayaram
942 ## - ADDED ENTRY ELEMENTS (KOHA)
Institution code [OBSOLETE] dpl
Koha item type English Books
Call number prefix 576 / ANA
Holdings
Withdrawn status Lost status Source of classification or shelving scheme Damaged status Not for loan Collection code Home library Current library Cost, normal purchase price Total Checkouts Full call number Barcode Date last seen Uniform Resource Identifier Cost, replacement price Price effective from Koha item type
    Dewey Decimal Classification     Non-fiction Central Library Central Library 395.00   576 ANA B-90365 15/09/2008 2798 395.00 15/09/2008 English Books

© Delhi Public Library
Hit Counter
free hit counter